Name All Fashion Designer Brands - Statistics

General Stats
  • This quiz has been taken 2,231 times
  • The average score is 10 of 25
Answer Stats
Country of Origin Brand's Value (US Dollars) Designer Brand % Correct
Italy $18.2 billion Gucci
92%
France $14.86 billion Louis Vuitton
87%
France $13.2 billion Chanel
83%
Italy $5.4 billion Prada
74%
France $7 billion Dior
70%
Italy $807 million Versace
65%
France $128.6 billion Hermès
57%
Spain $900 million Balenciaga
56%
France $3.6 billion Saint Laurent
50%
Italy $3.6 billion Fendi
45%
United Kingdom $5.2 billion Burberry
42%
United States $6.53 billion Ralph Lauren
41%
Italy $9.53 billion Giorgio Armani
40%
Italy $5.3 billion Dolce & Gabbana
34%
United States $800 million Calvin Klein
29%
Italy $1.5 billion Valentino
29%
France $2 billion Givenchy
25%
Netherlands $450 million Tommy Hilfiger
23%
United States $600 billion Michael Kors
20%
United States $4.76 billion Coach
18%
Germany $3.4 billion Hugo Boss
17%
France $548 million Balmain
13%
Italy $1.1 billion Bottega Veneta
11%
Italy $10 billion Bulgari
7%
Italy $1.9 billion Salvatore Ferragamo
4%
No matching quizzes found
Score Distribution
Percent of People with Each Score
Percentile by Number Answered
Your Score History
You have not taken this quiz